[Event "Challenge"]
[Site "http://www.queenalice.com/game.php?id=744650"]
[Date "2010.3.11"]
[Round "-"]
[White "Tonyc"]
[Black "jorm"]
[Result "1-0"]
[WhiteElo "2031"]
[BlackElo "1906"]

1. d4 d5 2. c4 b6 3. Nc3 e6 4. e3 Nf6 5. Qc2 c6 6. Nf3 h6 7. Be2 Nbd7 8. O-O Bd6
9. Na4 Ba6 10. b3 O-O 11. cxd5 Bxe2 12. Qxe2 b5 13. dxe6 fxe6 14. Nc3 Rf7 15. e4
Bc7 16. e5 Nh7 17. Nb1 a6 18. Nc3 Nhf8 19. Ne4 c5 20. Bb2 cxd4 21. Bxd4 Ng6 22.
Rfd1 Qb8 23. Nd6 Bxd6 24. exd6 Qxd6 25. Qe4 Raf8 26. Qxg6 Qf4 27. Qxe6 Nf6 28.
Bxf6 gxf6 29. a4 Qb4 30. Nd4 Kh8 31. Nc6 Qf4 32. Ne7 Rg7 33. Nf5 Rg6 34. Ng3 Qg5
35. Rd5 Qg4 36. Qxg4 Rxg4 37. axb5 axb5 38. Rxb5 Rd4 39. h3 Rd2 40. Rba5 Rb2 41.
Ra8 Kg8 42. Rxf8+ Kxf8 43. Ra8+ Kg7 44. Nf5+ Kg6 45. Nd4 Rd2 46. Nf3 Rd5 47. Ra1
h5 48. b4 Kf5 49. Rb1 Kg6 50. b5 Rd7 51. b6 Rb7 52. Nd2 f5 53. Nc4 Kf6 54. Nd6
Rb8 55. f4 1-0

[Event "Ve se ganha"]
[Site "http://www.queenalice.com/game.php?id=774730"]
[Date "2010.5.12"]
[Round "-"]
[White "Tonyc"]
[Black "cybermalk"]
[Result "1-0"]
[WhiteElo "2069"]
[BlackElo "1830"]

1. e4 e5 2. g3 Nf6 3. Bg2 Bc5 4. d3 d6 5. h3 Nc6 6. Ne2 Bd7 7. a3 Qe7 8. Nbc3 a6
9. O-O O-O-O 10. Bg5 h6 11. Bxf6 gxf6 12. Nd5 Qe6 13. Qd2 f5 14. exf5 Qxf5 15.
b4 Ba7 16. Ne3 Bxe3 17. Qxe3 h5 18. Bxc6 Bxc6 19. Kh2 Rdg8 20. d4 h4 21. g4 exd4
22. Nxd4 Qe5+ 23. Qxe5 dxe5 24. Nxc6 bxc6 25. Rad1 Rd8 26. Rfe1 Rxd1 27. Rxd1
Rf8 28. f4 e4 29. f5 Re8 30. g5 e3 31. g6 fxg6 32. fxg6 Rg8 33. Re1 Rxg6 34.
Rxe3 Rd6 35. Rd3 Re6 36. c4 Re4 37. c5 Kb7 38. Kg2 a5 39. Kf3 Re5 40. Rd4 axb4
41. axb4 Ka6 42. Rxh4 Kb5 43. Re4 Rd5 44. h4 Rd3+ 45. Kg4 Rd5 46. h5 Ka4 47. h6
Kb3 48. h7 Rd8 49. Kg5 Kc3 50. Rh4 Re8 51. Kg6 Rd8 52. Rf4 Re8 53. Kg7 Rd8 54.
h8=Q Rxh8 55. Kxh8 Kb3 56. Kg7 Ka4 57. Kf7 Kb5 58. Ke7 Ka6 59. Kd7 Kb5 60. Kxc7
1-0

[Event "AUTO-MASTER-1162"]
[Site "http://www.queenalice.com/game.php?id=799562"]
[Date "2010.7.6"]
[Round "1"]
[White "MikeDoherty"]
[Black "Tonyc"]
[Result "1-0"]
[WhiteElo "2166"]
[BlackElo "2122"]

1. e4 c5 2. Nc3 e6 3. Bc4 Nc6 4. Nf3 d6 5. O-O Be7 6. d4 cxd4 7. Nxd4 Qb6 8.
Ndb5 Ne5 9. Be3 Qc6 10. Bb3 a6 11. Ba4 Bd7 12. Nd4 Qc8 13. Bxd7+ Qxd7 14. f4 Nc4
15. Bc1 Nf6 16. Qe2 Qc7 17. Kh1 O-O 18. b3 Nb6 19. Bb2 Qc5 20. Rad1 Rac8 21. Rf3
Rc7 22. Rh3 Rfc8 23. g4 h6 24. g5 hxg5 25. fxg5 Nfd7 26. Qh5 f5 27. g6 Bh4 28.
Rxh4 Kf8 29. Qh8+ Ke7 30. Qxg7+ 1-0

[Event "AUTO-MASTER-1162"]
[Site "http://www.queenalice.com/game.php?id=799563"]
[Date "2010.7.6"]
[Round "1"]
[White "Tonyc"]
[Black "MikeDoherty"]
[Result "1-0"]
[WhiteElo "2111"]
[BlackElo "2177"]

1. d4 Nf6 2. c4 e6 3. Nc3 d5 4. e3 c6 5. Nf3 Bd6 6. Be2 O-O 7. c5 Be7 8. O-O b6
9. cxb6 axb6 10. b3 Nbd7 11. Qc2 Bb7 12. a3 Qc7 13. a4 Rfc8 14. Bb2 Bb4 15. Rfc1
Qd6 16. Ng5 h6 17. Nf3 Bxc3 18. Bxc3 Ne4 19. Bb2 Qe7 20. Bd3 f5 21. Ba3 Qf6 22.
b4 g5 23. h3 Kf7 24. a5 bxa5 25. bxa5 Ba6 26. Ne1 Qg6 27. Qb3 Rab8 28. Bb4 Bxd3
29. Nxd3 c5 30. dxc5 Nexc5 31. Nxc5 Nxc5 32. Qa3 Na6 33. Bc3 Rc4 34. Qd6 Ra8 35.
Bd4 g4 36. hxg4 Qxg4 37. Qd7+ 1-0

[Event "AUTO-MASTER-1162"]
[Site "http://www.queenalice.com/game.php?id=799578"]
[Date "2010.7.6"]
[Round "1"]
[White "Tonyc"]
[Black "PlinioSalgado"]
[Result "1-0"]
[WhiteElo "2099"]
[BlackElo "1939"]

1. d4 Nf6 2. c4 g6 3. Nc3 d5 4. h3 Bg7 5. e3 O-O 6. Nf3 c6 7. Be2 Nbd7 8. O-O c5
9. dxc5 dxc4 10. Qa4 Nxc5 11. Qxc4 Ne6 12. Rd1 Qc7 13. Qxc7 Nxc7 14. Bc4 Be6 15.
Bxe6 Nxe6 16. Nd4 Nxd4 17. exd4 Rad8 18. Be3 a6 19. Rac1 Rd7 20. a4 Rfd8 21. b3
Nd5 22. Nxd5 Rxd5 23. Rc4 e5 24. Rdc1 exd4 25. Bd2 d3 26. Rc8 h5 27. Rxd8+ Rxd8
28. Kf1 Re8 29. Be3 Rd8 30. Bd2 Rd7 31. Rc8+ Kh7 32. f3 Bh6 33. Bxh6 Kxh6 34.
Rc1 Kg5 35. Kf2 Kf5 36. Rd1 g5 37. Rd2 g4 38. hxg4+ hxg4 39. Ke3 gxf3 40. gxf3
b5 41. Rxd3 Rxd3+ 42. Kxd3 Kf4 43. axb5 axb5 44. Ke2 b4 45. Kf2 f5 46. Ke2 Kg3
47. Ke3 f4+ 48. Ke4 1-0

[Event "AUTO-MASTER-1162"]
[Site "http://www.queenalice.com/game.php?id=799579"]
[Date "2010.7.6"]
[Round "1"]
[White "PlinioSalgado"]
[Black "Tonyc"]
[Result "0-1"]
[WhiteElo "1985"]
[BlackElo "2075"]

1. e4 e5 2. Nf3 Nc6 3. Bb5 a6 4. Ba4 Nf6 5. O-O Bc5 6. c3 Nxe4 7. d4 exd4 8. Re1
d5 9. Nxd4 O-O 10. Bxc6 bxc6 11. Be3 Bxd4 12. Bxd4 Rb8 13. b3 Qd6 14. Nd2 Qg6
15. Nxe4 dxe4 16. Qd2 Bh3 17. g3 f5 18. Be5 Qf7 19. Qg5 h6 20. Qh4 Bg4 21. h3
Bf3 22. Qf4 g5 23. Qd2 Rbd8 24. Qb2 Qh5 25. Kh2 f4 26. Qc2 g4 0-1

[Event "AUTO-MASTER-1162"]
[Site "http://www.queenalice.com/game.php?id=799581"]
[Date "2010.7.6"]
[Round "1"]
[White "Morysek"]
[Black "Tonyc"]
[Result "0-1"]
[WhiteElo "1991"]
[BlackElo "2042"]

1. f4 d5 2. Nf3 Nf6 3. e3 g6 4. b3 Bg7 5. Bb2 Bf5 6. Be2 O-O 7. O-O a6 8. Ne5
Nbd7 9. Nxd7 Qxd7 10. Qe1 Bxc2 11. d3 Qe6 0-1

[Event "Ve se ganha II"]
[Site "http://www.queenalice.com/game.php?id=826194"]
[Date "2010.8.31"]
[Round "-"]
[White "cybermalk"]
[Black "Tonyc"]
[Result "1-0"]
[WhiteElo "1817"]
[BlackElo "2087"]

1. d4 Nf6 2. Nc3 e6 3. e4 d5 4. e5 Ne4 5. Nxe4 dxe4 6. Qg4 Qxd4 7. c3 Qxe5 8.
Bf4 Qf5 9. Qxf5 exf5 10. Bxc7 Nc6 11. Bb5 Bd7 12. Bxc6 Bxc6 13. O-O-O Bc5 14. f3
Rc8 15. Bd6 exf3 16. Nxf3 Bxf3 17. gxf3 Bxd6 18. Rxd6 Rd8 19. Re1+ 1-0

[Event "Challenge"]
[Site "http://www.queenalice.com/game.php?id=841892"]
[Date "2010.10.4"]
[Round "-"]
[White "Tonyc"]
[Black "cybermalk"]
[Result "1-0"]
[WhiteElo "2107"]
[BlackElo "1792"]

1. d4 d5 2. c4 e6 3. Nc3 Bb4 4. e3 Bxc3+ 5. bxc3 Nf6 6. Nf3 h6 7. Be2 b6 8. O-O
Bb7 9. Bb2 a6 10. cxd5 Bxd5 11. c4 Be4 12. Qa4+ Bc6 13. Qa3 b5 14. c5 O-O 15.
Ne5 Nfd7 16. Nxc6 Nxc6 17. Bf3 Ndb8 18. Rad1 Ra7 19. d5 Ne7 20. dxe6 Qc8 21.
exf7+ Rxf7 22. Qb3 c6 23. Bh5 g6 24. Qc3 Kf8 25. Qh8+ Ng8 26. Bxg6 Qg4 27. Rd8+
1-0

[Event "Challenge"]
[Site "http://www.queenalice.com/game.php?id=860568"]
[Date "2010.11.18"]
[Round "-"]
[White "cybermalk"]
[Black "Tonyc"]
[Result "0-1"]
[WhiteElo "1833"]
[BlackElo "2120"]

1. e4 e5 2. Nf3 d6 3. Bc4 Nf6 4. Nc3 g6 5. Ng5 Be6 6. Bxe6 fxe6 7. Nxe6 Qd7 8.
Nxf8 Rxf8 9. d3 Nc6 10. h3 O-O-O 11. Bg5 Ne7 12. Qd2 Neg8 13. Nd5 Rde8 14. Nxf6
Nxf6 15. g4 h5 16. f3 Qb5 17. O-O-O a6 18. Bxf6 Rxf6 19. Qg5 Ref8 20. Rhf1 Rxf3
21. Rxf3 Rxf3 22. gxh5 gxh5 23. Qxh5 Rf8 24. Qg4+ Qd7 25. Rg1 Qxg4 26. Rxg4 Rf1+
27. Kd2 b5 28. h4 Rh1 29. Kc3 Rh2 30. a3 Kd7 31. Kb3 Kc6 32. c3 Rh3 33. Kc2 a5
34. d4 Rh2+ 35. Kb3 a4+ 36. Ka2 exd4 37. cxd4 Kd7 38. e5 d5 39. Rg7+ Ke6 40. Rh7
Rd2 41. Rxc7 Rxd4 42. h5 Rh4 43. h6 Kxe5 44. Rh7 d4 45. Rh8 Ke4 46. h7 Kd3 47.
Kb1 Kd2 48. Rd8 Rxh7 49. Rxd4+ Ke3 50. Rb4 Rh5 51. Kc2 Rc5+ 52. Kb1 Kd3 53. Ka2
Kc2 54. b3 Kc1 55. bxa4 Rc2+ 56. Ka1 bxa4 57. Rxa4 Rc3 58. Ka2 Rc2+ 59. Ka1 Rc5
60. Rb4 Rc3 61. Rb1+ Kd2 62. Ka2 Rc4 63. Kb3 Rc3+ 64. Kb4 Rc8 65. Rb3 Kc2 0-1

[Event "AUTO-MASTER-1162"]
[Site "http://www.queenalice.com/game.php?id=920179"]
[Date "2011.3.31"]
[Round "2"]
[White "Tibe2003"]
[Black "Tonyc"]
[Result "1-0"]
[WhiteElo "2202"]
[BlackElo "2127"]

1. d4 d5 2. c4 Nf6 3. Nc3 Nc6 4. Bf4 a6 5. e3 Bf5 6. Nf3 h6 7. cxd5 Nb4 8. Qa4+
b5 9. Nxb5 axb5 10. Qxb4 e5 11. Qxb5+ Bd7 12. Nxe5 1-0

[Event "AUTO-MASTER-1162"]
[Site "http://www.queenalice.com/game.php?id=920180"]
[Date "2011.3.31"]
[Round "2"]
[White "Tonyc"]
[Black "Tibe2003"]
[Result "0-1"]
[WhiteElo "2137"]
[BlackElo "2192"]

1. d4 Nf6 2. c4 g6 3. Nc3 Bg7 4. Nf3 O-O 5. e4 d6 6. h3 e5 7. dxe5 dxe5 8. Qxd8
Rxd8 9. Bg5 Re8 10. Bxf6 Bxf6 11. Nd5 Bd8 0-1

[Event "AUTO-MASTER-1162"]
[Site "http://www.queenalice.com/game.php?id=920187"]
[Date "2011.3.31"]
[Round "2"]
[White "Tonyc"]
[Black "Rafaelpimentel"]
[Result "0-1"]
[WhiteElo "2141"]
[BlackElo "2173"]

1. d4 Nf6 2. c4 e6 3. Nc3 Bb4 4. Bd2 O-O 5. Nf3 b6 6. a3 Bxc3 7. Bxc3 d5 8. e3
Bb7 9. h3 Ne4 10. Bb4 c5 0-1

[Event "AUTO-MASTER-1162"]
[Site "http://www.queenalice.com/game.php?id=920188"]
[Date "2011.3.31"]
[Round "2"]
[White "Rafaelpimentel"]
[Black "Tonyc"]
[Result "1-0"]
[WhiteElo "2184"]
[BlackElo "2130"]

1. Nf3 Nf6 2. b3 d6 3. d4 c6 4. Bb2 Bf5 5. Nbd2 g6 6. e3 Bg7 7. Be2 h6 8. c4 O-O
9. O-O Na6 10. a3 Re8 11. Rc1 1-0

[Event "Invitation"]
[Site "http://www.queenalice.com/game.php?id=1028523"]
[Date "2012.2.10"]
[Round "-"]
[White "Tonyc"]
[Black "MrMarks"]
[Result "1-0"]
[WhiteElo "2123"]
[BlackElo "1262"]

1. d4 d6 2. c4 Nc6 3. Nc3 f6 4. Nf3 Bg4 5. e3 Na5 6. h3 Bh5 7. Qa4+ Nc6 8. d5 b5
9. cxb5 Nb8 10. b6+ c6 11. dxc6 Qxb6 12. c7+ Nc6 13. Bb5 Rc8 14. Bxc6+ Kf7 15.
Bd5+ e6 16. Qd7+ Kg6 17. Be4+ f5 18. Qxe6+ Nf6 19. Bxf5+ Kh6 20. e4+ g5 21.
Qxf6+ Bg6 22. Bxg5+ Kh5 23. g4# 1-0

[Event "Challenge"]
[Site "http://www.queenalice.com/game.php?id=1046212"]
[Date "2012.4.5"]
[Round "-"]
[White "MrMarks"]
[Black "Tonyc"]
[Result "1/2-1/2"]
[WhiteElo "1333"]
[BlackElo "2124"]

1. d4 d5 2. b4 e6 3. c3 Nf6 4. f3 h6 5. Bf4 g6 6. e3 a6 7. Be5 Nbd7 8. g4 Bg7 9.
h4 Nb6 10. h5 g5 11. a4 Nc4 12. Qd3 O-O 13. a5 Bd7 14. Bh3 Bb5 15. Bxf6 Qxf6 16.
Ne2 Qxf3 17. Rh2 Nxe3 18. Nd2 Bxd3 19. Nxf3 Nc2+ 20. Kd2 Nxa1 21. Kxd3 Rfe8 22.
Rh1 e5 23. Rxa1 e4+ 24. Ke3 exf3+ 25. Kxf3 Re7 26. Bg2 Rae8 27. Ng1 Re3+ 28. Kf2
Rxc3 29. Bxd5 Bxd4+ 30. Kf1 Rg3 31. Ne2 Bxa1 32. Nxg3 c6 33. Bc4 Bc3 34. Kf2
Bxb4 35. Nf5 Bc5+ 36. Kg3 Bf8 37. Bb3 Re5 38. Nd4 Rxa5 39. Bc2 Bd6+ 40. Kf3 Ra3+
41. Ke4 c5 42. Nf5 Bf8 43. Kd5 Ra2 44. Be4 a5 45. Ke5 b5 46. Bd5 Re2+ 47. Kf6
Be7+ 48. Nxe7+ Rxe7 49. Kxe7 c4 50. Bxf7+ Kg7 51. Bg6 b4 52. Ke6 c3 53. Bc2 Kf8
54. Kf6 Ke8 55. Kg6 Kd7 56. Kxh6 Kc6 57. Kxg5 Kc5 58. h6 Kc4 59. h7 b3 60. Bxb3+
Kxb3 61. h8=Q a4 62. Kh5 a3 63. g5 a2 64. Qa8 Kb2 65. g6 a1=Q 66. Qxa1+ Kxa1
1/2-1/2

[Event "GuitarHero"]
[Site "http://www.queenalice.com/game.php?id=1056260"]
[Date "2012.5.4"]
[Round "-"]
[White "Tonyc"]
[Black "MrMarks"]
[Result "1-0"]
[WhiteElo "2113"]
[BlackElo "1334"]

1. e4 e5 2. Nf3 f6 3. Bc4 Ne7 4. Nc3 c6 5. O-O d5 6. Bb3 Be6 7. d4 Ng6 8. dxe5
fxe5 9. a3 Bg4 10. exd5 c5 11. h3 Bxf3 12. Qxf3 Qh4 13. d6 Nc6 14. Qf7+ Kd8 15.
Qc7+ Ke8 16. Bf7# 1-0

[Event "EuAindaConsigo"]
[Site "http://www.queenalice.com/game.php?id=1062409"]
[Date "2012.5.22"]
[Round "-"]
[White "MrMarks"]
[Black "Tonyc"]
[Result "1-0"]
[WhiteElo "1398"]
[BlackElo "2114"]

1. e4 e5 2. Nf3 Nc6 3. h4 Nf6 4. Bd3 Bc5 5. O-O Ng4 6. Qe1 O-O 7. Bc4 h6 8. g3
d6 9. a3 a6 10. b4 Bb6 11. Nc3 Nd4 12. Nxd4 Bxd4 13. Qe2 Bxc3 14. dxc3 c6 15. f3
Qb6+ 16. Kg2 Nf6 17. Be3 Qd8 18. Rad1 Qd7 19. g4 b5 20. Bb3 a5 21. g5 hxg5 22.
hxg5 Nh5 23. f4 Qh3+ 24. Kg1 Ng3 25. Qg2 Qxg2+ 26. Kxg2 Nxf1 27. Kxf1 axb4 28.
axb4 Bh3+ 29. Ke1 Rfd8 30. f5 Kf8 31. g6 1-0